Πνευματικά Δικαιώματα / Οδηγός για Δημοσιογράφους (Record no. 2252)
[ view plain ]
| 000 -LEADER | |
|---|---|
| fixed length control field | 01611cam a22001694a 4500 |
| 005 - ΗΜΕΡΟΜΗΝΙΑ ΚΑΙ ΩΡΑ ΤΕΛΕΥΤΑΙΑΣ ΕΝΗΜΕΡΩΣΗΣ | |
| Πεδίο ελέγχου | 20250605163322.0 |
| 008 - FIXED-LENGTH DATA ELEMENTS--GENERAL INFORMATION | |
| Πεδίο ελέγχου σταθερού μήκους | 250528s ||||||||||||||||||||||||d |
| 035 ## - SYSTEM CONTROL NUMBER | |
| System control number | 16789 |
| 040 ## - ΠΗΓΗ ΚΑΤΑΛΟΓΟΓΡΑΦΗΣΗΣ | |
| Φορέας πρωτότυπης καταλογογράφησης | MC Athens Campus Library |
| Γλώσσα καταλογογράφησης | Ελληνικά, Μοντέρνα (1453-) |
| Modifying agency | MC Athens Campus Library |
| Κανόνες περιγραφικής καταλογογράφησης | AACR2 |
| 245 1# - ΤΙΤΛΟΣ ΚΑΙ ΔΗΛΩΣΗ ΥΠΕΥΘΥΝΟΤΗΤΑΣ | |
| Τίτλος | Πνευματικά Δικαιώματα / Οδηγός για Δημοσιογράφους |
| 260 ## - PUBLICATION, DISTRIBUTION, ETC. | |
| Name of publisher, distributor, etc. | Ευρωπαική Ομοσπονδία Δημοσιογράφων (Ε.Ο.Δ.) |
| -- | Πανελλήνια Ομοσπονδία Ενώσεων Συντακτών (Π.Ο.Ε.Συ), |
| Date of publication, distribution, etc. | 2004 |
| 300 ## - PHYSICAL DESCRIPTION | |
| Extent | 56 |
| 520 ## - SUMMARY, ETC. | |
| Summary, etc. | Εισαγωγή, Βασικά Στοιχεία των Πνευματικών Δικαιωμάτων, Η Σημασία των Ηθικών Δικαιωμάτων, Οικονομικά Προβλήματα, Διαφορές Μεταξύ Freelancers και Εξαρτημένων Δημοσιογράφων, Ευρωπϊκές Οδηγίες, Πνευματικά Δικαιώματα στην Κοινωνία της Πληροφορίας, Κατευθυντήριες Γραμμές για τη Σύναψη Συμβολαίων, Συλλογικές Συμφωνίες, Ατομικές Συμφωνίες με Συλλογική Προστασία, Η Τρέχουσα Κατάσταση σε Σχέση με τα Συμβόλαια, Εταιρίες Συλλογικής Διαχείρισης, Παραβίαση, Διεθνής Συνεργασία, Μελλοντική Προσέγγιση, Κατάλογος Συντμήσεων, Τι Προβλέπει η Ελληνική Νομοθεσία. |
| 942 ## - ADDED ENTRY ELEMENTS (KOHA) | |
| Koha item type | Books |
| Τύπος τεκμηρίου | Βιβλιοθήκη | Τρέχουσα τοποθεσία | Barcode | Αριθμός εισαγωγής | Ημερομηνία απόκτησης | Ταξιθετικό σύμβολο | Αριθμός αντιτύπου | Κατάσταση απόσυρσης | Κατάσταση χαμένου | Κατάσταση κατεστραμμένου | Μη δανεισμός | Σύνολο δανεισμών | Ημερομηνία τελευταίας εμφάνισης | Η τιμή ισχύει από |
|---|---|---|---|---|---|---|---|---|---|---|---|---|---|---|
| Books | MC Athens Campus Library | MC Athens Campus Library | 9780000022516 | 5034 | 05/06/2025 | 346 EOD | 1 | 05/06/2025 | 05/06/2025 |